000 00297nam a2200121 4500
999 _c8257
_d8257
003 OSt
005 20201008131908.0
008 201008b ||||| |||| 00| 0 eng d
020 _a9788190662529
082 _a624.1762
_bDAS
245 _aAn introduction to seismic safety in Architecture
942 _2ddc